Digest of demographic statistics 2005 Republic of Mauritius

Salvato in:
Dettagli Bibliografici
Natura: Libro
Lingua:inglese
Pubblicazione: Port Louis Central Statistics Office 2006
Soggetti:
Tags: Aggiungi Tag
Nessun Tag, puoi essere il primo ad aggiungerne!!

MARC

LEADER 00000nam$a2200000$$$4500
001 0060305
005 20251201094845.2
041 0 |a eng 
044 |a MU 
245 1 0 |a Digest of demographic statistics 2005  |b Republic of Mauritius 
264 1 |a Port Louis  |b Central Statistics Office  |c 2006 
300 |a 201 s. 
610 2 0 |a demografia 
610 2 0 |a populácia 
610 2 0 |a obyvateľstvo 
610 2 0 |a Maurícius